000 00705nam a2200229 a 4500
001 BRCA_8352
005 20190320210238.0
008 170714s1949----ne-a###f##---#000-0#eng-#
041 _aeng
044 _ane
050 4 _aND644
_b.S34 1949
100 1 _aSchendel, Arthur F. É. van
_920907
245 1 0 _aCamera studies of dutch master-paintings
_cA. F. É. van Schendel ; translated by C. M. Hutt.
260 _aAmsterdam
_bJ. M. Meulenhoff
_c1949
300 _axxii p.
_bil., 90 láminas
_c32 cm.
500 _aR84
650 1 4 _aPinturas holandesas
_vCompilación
_920908
650 1 4 _aPintores holandeses
_vAnálisis
_920909
700 1 _aHutt, C. M.
_etrad.
_920910
902 _aGFM
942 _2lcc
_cB
999 _c8020
_d8020